<?xml version="1.0" encoding="UTF-8"?>
<record
    xmlns:xsi="http://www.w3.org/2001/XMLSchema-instance"
    xsi:schemaLocation="http://www.loc.gov/MARC21/slim http://www.loc.gov/standards/marcxml/schema/MARC21slim.xsd"
    xmlns="http://www.loc.gov/MARC21/slim">

  <leader>01231nam a22002657a 4500</leader>
  <datafield tag="999" ind1=" " ind2=" ">
    <subfield code="c">23558</subfield>
    <subfield code="d">23558</subfield>
  </datafield>
  <controlfield tag="003">AR-CdUCM</controlfield>
  <controlfield tag="008">260330b2024    pe ||||| |||| 00| 0 spa d</controlfield>
  <datafield tag="040" ind1=" " ind2=" ">
    <subfield code="a">MUNICIPALIDAD PROVINCIAL DEL CUSCO</subfield>
    <subfield code="c">BIBLIOTECA MUNICIPAL DEL CUSCO</subfield>
  </datafield>
  <datafield tag="082" ind1=" " ind2=" ">
    <subfield code="a">333.95 /</subfield>
    <subfield code="b">G55</subfield>
  </datafield>
  <datafield tag="110" ind1=" " ind2=" ">
    <subfield code="a">Gobierno Regional Cusco</subfield>
    <subfield code="9">22459</subfield>
  </datafield>
  <datafield tag="245" ind1=" " ind2=" ">
    <subfield code="a">Plan Maestro del &#xC1;rea de Conservaci&#xF3;n Regional :</subfield>
    <subfield code="b">Ausangate Cusco /</subfield>
  </datafield>
  <datafield tag="260" ind1=" " ind2=" ">
    <subfield code="a">Cusco</subfield>
    <subfield code="b">Gobierno Regional Cusco</subfield>
    <subfield code="c">2024</subfield>
  </datafield>
  <datafield tag="300" ind1=" " ind2=" ">
    <subfield code="a">108 p&#xE1;ginas. :</subfield>
    <subfield code="b">Im&#xE1;genes, cuadros, mapas.</subfield>
    <subfield code="c">21 X 30 cm.</subfield>
  </datafield>
  <datafield tag="500" ind1=" " ind2=" ">
    <subfield code="z">P&#xE1;ginas: 104 - 105.</subfield>
  </datafield>
  <datafield tag="505" ind1=" " ind2=" ">
    <subfield code="a">Aspectos Generales -- Identificaci&#xF3;n de los Elementos de Conservaci&#xF3;n -- Visi&#xF3;n -- Objetivos del Plan Maestro -- Modelo Conceptual -- Cadena de Resultados -- Estrategias de Conservaci&#xF3;n en el Marco de la Gesti&#xF3;n Efectiva -- Desarrollo Program&#xE1;tico -- Zonificaci&#xF3;n -- Monitoreo y evaluaci&#xF3;n del Plan Maestro.... </subfield>
  </datafield>
  <datafield tag="650" ind1=" " ind2=" ">
    <subfield code="a">Objetivo de creaci&#xF3;n</subfield>
    <subfield code="9">52401</subfield>
  </datafield>
  <datafield tag="650" ind1=" " ind2=" ">
    <subfield code="a">Aspectos importantes del ACR</subfield>
    <subfield code="9">52402</subfield>
  </datafield>
  <datafield tag="650" ind1=" " ind2=" ">
    <subfield code="a">Zona Glaciar y Periglaciar</subfield>
    <subfield code="9">52403</subfield>
  </datafield>
  <datafield tag="650" ind1=" " ind2=" ">
    <subfield code="a">Matriz para el Bienestar</subfield>
    <subfield code="9">52404</subfield>
  </datafield>
  <datafield tag="650" ind1=" " ind2=" ">
    <subfield code="a">Clasificaci&#xF3;n </subfield>
    <subfield code="9">21385</subfield>
  </datafield>
  <datafield tag="650" ind1=" " ind2=" ">
    <subfield code="a">L&#xED;neas de acci&#xF3;n</subfield>
    <subfield code="9">52405</subfield>
  </datafield>
  <datafield tag="942" ind1=" " ind2=" ">
    <subfield code="2">ddc</subfield>
    <subfield code="c">LIBROS</subfield>
  </datafield>
  <datafield tag="945" ind1=" " ind2=" ">
    <subfield code="a">jmcs</subfield>
    <subfield code="d">30/03/2026</subfield>
  </datafield>
  <datafield tag="952" ind1=" " ind2=" ">
    <subfield code="0">0</subfield>
    <subfield code="2">ddc</subfield>
    <subfield code="4">0</subfield>
    <subfield code="7">0</subfield>
    <subfield code="a">SC</subfield>
    <subfield code="b">SC</subfield>
    <subfield code="c">CART</subfield>
    <subfield code="d">2026-03-30</subfield>
    <subfield code="e">Donaci&#xF3;n</subfield>
    <subfield code="g">30.00</subfield>
    <subfield code="o">333.95 / G55</subfield>
    <subfield code="p">SC0000002439</subfield>
    <subfield code="r">2026-03-30</subfield>
    <subfield code="y">LIBROS</subfield>
  </datafield>
</record>
